000 00291nam a22000977a 4500
008 250313b |||||||| |||| 00| 0 eng d
020 _a9780323511407
050 _aRT 48.5.F47
245 _aFerri's best test: A practical guide to clinical laboratory medicine and diagnostic imaging
942 _cBK
999 _c2305
_d2305